| 000 | 00891cam a2200289 4500 | ||
|---|---|---|---|
| 999 |
_c9083 _d9083 |
||
| 001 | 9083 | ||
| 003 | BD-JhCC | ||
| 005 | 20180315093706.0 | ||
| 008 | 720428s1972 nju 001 0 eng | ||
| 020 | _a0135942004 | ||
| 035 | _a(BD-JhCC)9083 | ||
| 040 |
_aDLC _cDLC _dDLC _dBD-JhCC |
||
| 041 | _aeng | ||
| 050 | 0 | 0 |
_aPE1408 _b.G63 1972 |
| 082 | 0 | 0 |
_a808/.042 _bGOR 1972 |
| 100 | 1 | _aGorrell, Robert M. | |
| 245 | 1 | 0 |
_aModern English handbook / _cRobert M. Gorrell and Charlton Laird. |
| 250 | _a5th ed. | ||
| 260 |
_aEnglewood Cliffs, N.J., _bPrentice-Hall _c1972 |
||
| 300 |
_a615 p. _c20 cm. |
||
| 650 | 0 |
_aEnglish language _xRhetoric _xHandbooks, manuals, etc. |
|
| 650 | 0 |
_aEnglish language _xGrammar _xHandbooks, manuals, etc. |
|
| 650 | 0 |
_aReport writing _xHandbooks, manuals, etc. |
|
| 700 | 1 |
_aLaird, Charlton Grant, _d1901- |
|
| 942 |
_2ddc _cBK |
||